000 00190nam a2200085 4500
001 1255321
005 20251209114841.0
245 _aYANDIM ALİ
_cFAKİR BAYKURT
260 _bGÜNIŞIĞI YAYINLARI
999 _c1255321
_d1255321